Block Mayhem X - All Blocks - Statistics

General Stats
  • This quiz has been taken 10 times
  • The average score is 39 of 56
Answer Stats
Hint Answer % Correct
10,000 Opal
100%
10,000 Aqua
88%
25,000 Bubbly
88%
500,000 Entropy
88%
13,370 Error
88%
350,000,000 Gaia
88%
100,000 Luminescent
88%
100,000 Resonance
88%
50,000 Viridian
88%
25,000 Amethyst
75%
50,000 Azure
75%
10,000,000 Beyond
75%
20 Common
75%
200,000,000 Desolate
75%
750 Epic
75%
100,000 Eruption
75%
5,000,000 Geode
75%
5,000 Godly
75%
1,750 Legendary
75%
25,000 Life
75%
10,000 Magma
75%
3,000 Mythical
75%
100,000 Noise
75%
10,000 Peace
75%
200 Rare
75%
600,000 Relic
75%
4,500,000 Sovereign
75%
500,000 Temporal
75%
70 Uncommon
75%
25,000 Vulcan
75%
20,000,000 Whirlpool
75%
111,111,111 Amalgam
63%
500,000 Crystalline
63%
100,000,000 Cyberspace
63%
55,555 Deformity
63%
3,000,000 Ethereal
63%
100,000 Evergreen
63%
10,000,000 Exagonios
63%
10,000,000 Ignityx
63%
100,000,000 Jellyfish
63%
100,000,000 Mercury
63%
13,370,000 Missing
63%
25,000 Nil
63%
500,000,000 Prismatic
63%
666,666,666 Sacrinare
63%
50,000 Scorched
63%
6,000,000 Tesseract
63%
1,000,000 Thermos
63%
250,000,000 Unbinilium
63%
1,000,000 Atonion
50%
50,000 Midnight
50%
10,000 Moonrock
50%
100,000 Nova
50%
50,000 Plasma
50%
2,500,000,000 Galactic Rift
25%
2,345,678 [Event] True Andromeda
25%
No matching quizzes found
Score Distribution
Percent of People with Each Score
Percentile by Number Answered
Your Score History
You have not taken this quiz